Nom des groupes de musique anglais... en français #2 - Statistiques

Statistiques générales
  • Ce quiz a été pris 1 383 fois
  • Le résultat moyen est 9 sur 15
Statistiques - réponses
Nom français Nom original % Correct
Bisou Kiss
97%
Cœur Heart
96%
Les Voitures The Cars
93%
Mort Death
85%
Singes Arctiques Arctic Monkeys
73%
Jeu froid Coldplay
71%
Simplement Rouge Simply Red
63%
Outil Tool
59%
Esprits Simples Simple Minds
52%
Têtes parlantes Talking Heads
46%
Perles de Confiture Pearl Jam
35%
Le Traitement The Cure
28%
Garçons de l'Animalerie Pet Shop Boys
20%
Le Velours Clandestin The Velvet Underground
20%
Relance de la Croyance d'Eau claire Creedence Clearwater Revival
14%
Aucun quiz correspondant
Distribution des résultats
% des personnes avec chaque résultat
Percentile par nombre de réponses
Votre historique - résultats
Vous n’avez pas pris ce quiz